| 000 | 00437nam a2200169Ia 4500 | ||
|---|---|---|---|
| 008 | 210707s1984 xx 000 0 und d | ||
| 041 | _aeng | ||
| 082 | _a294.6 COLS | ||
| 100 | _aCOLE (Owen W) and PIARA (Singh Sambhi) | ||
| 245 | _aSikhs: their religious beliefs and practices. | ||
| 260 |
_aCalcutta. _bRupa & Co., _c1984 |
||
| 300 | _axxvii,210 p | ||
| 365 |
_b25 _cINR |
||
| 563 | _aHB | ||
| 650 | _aHinduism | ||
| 906 | _aSikhs | ||
| 999 |
_c180475 _d180475 |
||